[Event "NZL-ch op-B 130th"]
[Site "Wellington"]
[Date "2023.01.03"]
[Round "2"]
[White "Hurndell, Robert"]
[Black "Zhou, Adele"]
[Result "1-0"]
[WhiteElo "1626"]
[BlackElo "1166"]
[PlyCount "71"]
[EventDate "2023.01.02"]
[EventType "swiss"]
[EventRounds "9"]
[EventCountry "NZL"]
[SourceTitle "CBM 212 Extra"]
[Source "ChessBase"]
[SourceDate "2023.03.31"]
[SourceVersion "1"]
[SourceVersionDate "2023.03.31"]
[SourceQuality "1"]

1. e4 c5 2. Nf3 Nc6 3. d4 cxd4 4. Nxd4 Nf6 5. Nc3 e5 6. Nf3 Bb4 7. Bd3 d5 8. exd5 Nxd5 9. Bd2 Nxc3 10. Bxc3 Bxc3+ 11. bxc3 0-0 12. 0-0 Bg4 13. h3 Bh5 14. Qe2 Re8 15. Rfd1 Qf6 16. Be4 Rac8 17. Rd3 Qe6 18. Qe3 Bg6 19. Nd2 Bxe4 20. Nxe4 Red8 21. Qg3 Qf5 22. Nd6 Rxd6 23. Rxd6 Qxc2 24. Rd7 b6 25. Qf3 f6 26. Qd5+ Kh8 27. Qxc6 Rg8 28. Rad1 Qxa2 29. Qc7 a5 30. Rd8 h6 31. Rxg8+ Kxg8 32. Rd8+ Kh7 33. Rd7 Qg8 34. Qxb6 a4 35. Qxf6 a3 36. Qf7 1-0